[Event "24. Torneo Colllado Villalba"]
[Site "Collado Villalba ESP"]
[Date "2007.08.29"]
[Round "7.19"]
[White "Picon Rodriguez, Jose"]
[Black "Cao Armillas, Jesus"]
[Result "0-1"]
[WhiteElo "2042"]
[BlackElo "2153"]
[PlyCount "100"]
[EventDate "2007.08.23"]
[EventType "swiss"]
[EventRounds "9"]
[EventCountry "ESP"]
[Source "lmi"]
[SourceDate "2007.08.23"]

1. e4 e6 2. d4 d5 3. Nc3 Bb4 4. e5 Ne7 5. a3 Bxc3+ 6. bxc3 c5 7. Qg4 Qc7 8. Bd3
cxd4 9. Ne2 dxc3 10. Qxg7 Rg8 11. Qxh7 Qxe5 12. Bf4 Qg7 13. Qxg7 Rxg7 14. Be5
Rg8 15. h4 Nbc6 16. Bf6 e5 17. h5 e4 18. Bb5 Bf5 19. h6 Bh7 20. Nf4 Rd8 21.
O-O-O Kf8 22. Bg7+ Rxg7 23. hxg7+ Kxg7 24. Bxc6 bxc6 25. Rh3 Bf5 26. Rxc3 Kf6
27. Rb3 Rd7 28. Ne2 Rc7 29. f3 c5 30. fxe4 Bxe4 31. Nc3 Bxg2 32. Rg1 Be4 33.
Nxe4+ dxe4 34. Re3 Ke5 35. Rg5+ f5 36. Rh3 Rc6 37. Rh7 Re6 38. Rf7 Kf4 39. Rh5
Re5 40. Kd2 Rd5+ 41. Ke1 Nc6 42. c4 Re5 43. Rh6 Nd4 44. Rxa7 Ke3 45. a4 f4 46.
Rf7 Rg5 47. Rh1 Rg2 48. Kf1 Rf2+ 49. Ke1 Ra2 50. Kf1 Nf3 0-1

[Event "24. Torneo Colllado Villalba"]
[Site "Collado Villalba ESP"]
[Date "2007.08.29"]
[Round "7.20"]
[White "De Nacimiento Montaño, Angel"]
[Black "Ivanovitch Balsinde, Nicolas"]
[Result "0-1"]
[WhiteElo "1999"]
[BlackElo "2151"]
[PlyCount "80"]
[EventDate "2007.08.23"]
[EventType "swiss"]
[EventRounds "9"]
[EventCountry "ESP"]
[Source "lmi"]
[SourceDate "2007.08.23"]

1. e4 e5 2. Nf3 Nc6 3. Nc3 Nf6 4. Bc4 Nxe4 5. Nxe4 d5 6. Bb5 dxe4 7. Nxe5 Qg5
8. Nxc6 Qxb5 9. Nd4 Qg5 10. Kf1 Qd5 11. c3 Bd7 12. b4 O-O-O 13. Qb3 Bb5+ 14.
Kg1 Bc4 15. Qa4 Kb8 16. Rb1 f5 17. Rb2 Bd6 18. Qa5 Qxa5 19. bxa5 Rdf8 20. a4
Kc8 21. Nb5 Bc5 22. Rb1 a6 23. Ba3 Bxa3 24. Nxa3 Bd3 25. Rb2 Rd8 26. f4 Rd5 27.
Kf2 Rxa5 28. Rb4 Rd8 29. Ke3 c5 30. Nc4 cxb4 31. Nxa5 b6 32. Nc6 b3 33. Nb4 Bc4
34. d4 exd3 35. Nc6 Rf8 36. Ne5 Re8 37. Kd2 b5 38. a5 Kc7 39. Re1 g6 40. Re3 b2
0-1